000 00893nam a22003137a 4500
003 CBULib
005 20240924073815.0
008 230206b |||||||| |||| 00| 0 eng d
020 _a9780990772514
040 _aCBULib
_cCBULib
_bEnglish
_erda
041 _aeng
050 _aNA 1121.V4 Dec
100 _aDe cal, Riccardo
245 _aDream of Venice architecture
_c/ by Riccardo De Cal
260 _bBella Figura :
_c2016
_aCalifornia,
300 _billustrations
336 _2rdacontent
_aText |
_btxt
337 _2rdamedia
_aUnmediated |
_bn
338 _2rdacarrier
_aVolume
_bnc
600 _aDE CAL, RICCARDO
600 _aLOCKTOV, JoANN
600 _aGOY, RICHARD J.
650 _2OCLC
_aARCHITECTURAL PHOTOGRAPHY
650 _2OCLC
_aARCHITECTURE
650 _2OCLC
_aARCHITECTURE -- ITALY
700 _aGoy, Richard
700 _aLocktov, JoAnn
942 _c002
_2lcc
999 _c63736
_d63736